| 000 | 00506nam a2200205Ia 4500 | ||
|---|---|---|---|
| 003 | OSt | ||
| 005 | 20140426081849.0 | ||
| 008 | 140130s9999 xx 000 0 und d | ||
| 020 | _a0516245465 | ||
| 050 |
_aPZ 7 _b.Ea1315So 1983 |
||
| 100 | _aEastman, Patricia | ||
| 245 |
_cPatricia Eastman _aSometimes things change / |
||
| 260 |
_bScholastic, _c1983. _aChicago : |
||
| 300 |
_a30 p. : _bcol. ill. ; _c19 cm. |
||
| 440 | _v1 | ||
| 521 | _aG1 | ||
| 526 | _c160 | ||
| 942 |
_cBK _2lcc |
||
| 999 |
_c39898 _d39898 |
||